| 000 | 00445nam a2200145Ia 4500 | ||
|---|---|---|---|
| 008 | 230917s9999||||xx |||||||||||||| ||und|| | ||
| 040 |
_e70488 _aMAIN |
||
| 041 | _aEnglish | ||
| 082 | _a338.130954 K528P | ||
| 100 | _aKhodpia, B L | ||
| 245 | 0 | _aPrice behaviour of important pulses in India: 1967-76:a study of Bombay, Calcutta, Delhi and Kanpur market | |
| 260 |
_aSimla _bHimachal Pradesh University _c1977 |
||
| 300 | _a58 p. | ||
| 942 | _cBK | ||
| 999 |
_c182696 _d182696 |
||